000 nam a22 a 4500
999 _c185228
_d185228
003 BLK
005 20220624110136.0
008 180411b bul|||||r ||||||| ||bul||
010 _aKNG00194221000
040 _aBLK
041 _aBUL
_cBUL
072 7 _2bullib
_aА
_xФонд Михаил Арнаудов
080 _aБиблиографии на произведенията на отделни групи автори
_b013
_x:061.12(497.2)
_z013:061.12(497.2)
139 _a[Сто] 100 години българска академична книга 1868-1968
_bС 77
245 1 0 _a[Сто] 100 години българска академична книга 1868-1968
_bКаталог на изданията и списанията на БАН и на АСН в българия
_cсъстав. Иван Мишайков; състав. Йордан Христов; ред. Кирил Манов.
257 _aBGR
260 _aСофия
_bБАН
_c1969
300 _a292 с.
_c21 см
380 _a0
490 _9396381
_aЧастна колекция - Академик Михаил Арнаудов
_gДарение - Основен фонд
500 _aФонд Михаил Арнаудов - екз. с твърда подв. (инв. № 588438)
650 4 _aБългарска академия на науките
_9269303
650 4 _aСелскостопанска академия - България
_9265004
653 _aнаучни трудове
653 _aиздателско дело
659 _aА
700 1 _aМишайков, Иван
_eсъстав.
_998254
700 1 _aХристов, Йордан
_eсъстав.
_9383472
700 1 _aМанов, Кирил
_eред.
_9343752
852 _aЦб 51958
852 _aМА 983
856 4 _qpdf
856 4 _qpdf
942 _cKNG
_n0
_s1
944 _aCR
_c21.10.2016
_kГеновева_Генчева
944 _aED
_c2022-06-24
_kир
999 _d185228
999 _d185228